| 000 | 01716nam0a2200397 4500 | ||
|---|---|---|---|
| 001 | RU\NLR\BIBL_A\012025323 | ||
| 005 | 20201020133643.0 | ||
| 010 |
_a978-5-94455-713-1 _95000 |
||
| 021 |
_aRU _bКН-П-19-033554 _9КН-П-19-2493 |
||
| 021 |
_aRU _bКН-П-20-037893 _9КН-П-20-2871 |
||
| 021 |
_aRU _bКН-П-23-044320 _9КН-П-23-4434 |
||
| 021 |
_aRU _bКН-П-21-059216 _9КН-П-21-4612 |
||
| 035 | _a(NLR Aleph) 012025323 | ||
| 035 | _a(RuMoRGB)010371443 | ||
| 035 | _a(RuMoRGB)009975363 | ||
| 090 |
_a11522948 _c11522947 |
||
| 100 | _a20190529d2019 u y0rusy50 ca | ||
| 101 | 0 | _arus | |
| 102 | _aRU | ||
| 105 | _aa|||g|||000zy | ||
| 200 | 1 |
_aПравила русского языка в таблицах и схемах _e[все правила орфографии, употребление знаков препинания _eсправочник] _fЕ. А. Арбатова |
|
| 210 |
_aСанкт-Петербург _cЛитера _d2019 |
||
| 215 |
_a222, [1] с. _cил., табл. _d21 |
||
| 225 | 1 | _aСредняя школа | |
| 225 | 1 | _aДля школьников и родителей | |
| 333 | _a12+ | ||
| 606 | 1 |
_aРусский язык _xОрфография _jСправочники для школьников _2nlr_sh2 _3RU\NLR\AUTH\66973961 |
|
| 606 | 1 |
_aРусский язык _xПунктуация _jСправочники для школьников _2nlr_sh2 _3RU\NLR\AUTH\66979547 |
|
| 686 | 1 | _aШ141.12-922-81 | |
| 686 | 1 | _aШ141.12-922-227 | |
| 700 | 1 |
_aАрбатова _bЕ. А. _gЕлизавета Алексеевна |
|
| 942 | _cBOOK | ||
| 980 | _aNBR | ||
| 980 | _aNB | ||